000
00264 a2200085 4500
020
_a
978-1864705751
100
_a
Jeffrey Brown
245
_a
Tiltwallism: A Treatise on the Architectural Potential of Tilt Wall Construction
260
_b
The Images Publishing Group
_c
2014
999
_c
13424
_d
13424